| 000 | 00505nam a2200169Ia 4500 | ||
|---|---|---|---|
| 008 | 240729s9999 xx 000 0 und d | ||
| 022 | _a2564-6907 | ||
| 245 | 0 | _aJournal of the Turkish Chemical Society Section B: Chemical Engineering | |
| 260 | _aTürkiye | ||
| 260 | _bTurkish Chemical Society | ||
| 650 | _a Chemical engineering | ||
| 650 | _a Chemical technology | ||
| 650 | _aTechnology | ||
| 856 | _uhttps://doaj.org/toc/49e1753c7b0c425d8daad761040df37d | ||
| 942 | _2ddc | ||
| 942 | _cDOAJEJ | ||
| 999 |
_c70464 _d70464 |
||
| 945 |
_a1 _bMadushi Gamage _c1 _dMadushi Gamage |
||